The generations of Corning : the life and times of a global corporation /

Bibliographic Details
Main Author: Dyer, Davis
Other Authors: Gross, Daniel, 1967-
Format: Book
Language:English
Published: Oxford ; New York : Oxford University Press, 2001.
Subjects:

MARC

Tag First Indicator Second Indicator Subfields
LEADER 00000cam a22000004a 4500
001 in00001615321
005 20151023060110.0
008 001121s2001 enkabf b 001 0 eng
010 |a  00067091  
015 |a GBA1-Y2846 
020 |a 0195140958 (alk. paper) 
029 1 |a UKM  |b bA1Y2846 
035 |a (OCoLC)ocm45437326 
040 |a DLC  |c DLC  |d UKM  |d C#P  |d UtOrBLW 
042 |a pcc 
049 |a TXAS 
050 0 0 |a HD2796.C66  |b D94 2001 
082 0 0 |a 338.766/0973  |2 21 
100 1 |a Dyer, Davis. 
245 1 4 |a The generations of Corning :  |b the life and times of a global corporation /  |c Davis Dyer, Daniel Gross. 
264 1 |a Oxford ;  |a New York :  |b Oxford University Press,  |c 2001. 
300 |a xx, 507 pages, 24 unnumbered pages of plates :  |b illustrations, map ;  |c 25 cm. 
336 |a text  |b txt  |2 rdacontent 
337 |a unmediated  |b n  |2 rdamedia 
338 |a volume  |b nc  |2 rdacarrier 
504 |a Includes bibliographical references (pages [455]-489) and index. 
610 2 0 |a Corning Incorporated. 
650 0 |a Conglomerate corporations  |z United States. 
610 2 4 |a Corning Incorporated  |x History. 
700 1 |a Gross, Daniel,  |d 1967- 
945 |i PromptCat 
948 |a cataloged  |b h  |c 2001/7/26  |d c  |e mphillip  |f 12:14:00 pm 
994 |a 92  |b TXA 
999 |a MARS 
999 f f |s 737a2392-5414-3754-8ade-b24cffb5b500  |i b48db7b7-d99a-3e4d-8e0b-e43aa1495087  |t 0 
952 f f |p ric  |a Texas A&M University  |b Rellis Campus  |c Joint Library Facility  |d Remote Storage  |t 0  |e HD2796.C66 D94 2001  |h Library of Congress classification  |i unmediated -- volume  |m A14827883214 
998 f f |a HD2796.C66 D94 2001  |t 0  |l Remote Storage